<?xml version="1.0" encoding="UTF-8"?>
<collection xmlns="http://www.loc.gov/MARC21/slim">
 <record>
  <leader>01080nam a2200217 a 4500</leader>
  <controlfield tag="001">1/55216</controlfield>
  <controlfield tag="008">220622s2022    gr       b    000 | gre d</controlfield>
  <datafield tag="020" ind1=" " ind2=" ">
   <subfield code="a">9789600238143</subfield>
  </datafield>
  <datafield tag="040" ind1=" " ind2=" ">
   <subfield code="a">GR-PeUP</subfield>
  </datafield>
  <datafield tag="082" ind1="0" ind2="0">
   <subfield code="a">784.2184 ΔΟΙ</subfield>
  </datafield>
  <datafield tag="100" ind1="1" ind2=" ">
   <subfield code="a">Δόικος, Παναγιώτης Ο.,</subfield>
   <subfield code="d">1957-</subfield>
  </datafield>
  <datafield tag="245" ind1="1" ind2="2">
   <subfield code="a">Ο Μίκης Θεοδωράκης και η θεωρία της συμπαντικής αρμονίας /</subfield>
   <subfield code="b"> </subfield>
   <subfield code="c">Παναγιώτης Ο. Δόικος.</subfield>
  </datafield>
  <datafield tag="260" ind1=" " ind2=" ">
   <subfield code="a">Αθήνα : </subfield>
   <subfield code="b">Παπαζήσης,</subfield>
   <subfield code="c">2022.</subfield>
  </datafield>
  <datafield tag="300" ind1=" " ind2=" ">
   <subfield code="a">292 σ. ; </subfield>
   <subfield code="c">22 εκ.</subfield>
  </datafield>
  <datafield tag="490" ind1="1" ind2=" ">
   <subfield code="a">Δια-ΛΟΓΟΣ φιλοσοφική βιβλιοθήκη--Μελέτες ;</subfield>
  </datafield>
  <datafield tag="504" ind1=" " ind2=" ">
   <subfield code="a">Περιέχει βιβλιογραφία.</subfield>
  </datafield>
  <datafield tag="600" ind1="1" ind2="0">
   <subfield code="a">Theodorakis, Mikis, </subfield>
   <subfield code="d">1925-2021.</subfield>
  </datafield>
  <datafield tag="600" ind1="1" ind2="4">
   <subfield code="a">Θεοδωράκης, Μίκης, 1925-2021</subfield>
   <subfield code="x">Συμφωνίες.</subfield>
  </datafield>
  <datafield tag="830" ind1="0" ind2="0">
   <subfield code="a">Δια-ΛΟΓΟΣ φιλοσοφική βιβλιοθήκη--Μελέτες ;</subfield>
   <subfield code="v">80</subfield>
  </datafield>
  <datafield tag="852" ind1=" " ind2=" ">
   <subfield code="a">INST</subfield>
   <subfield code="b">UNIPILB</subfield>
   <subfield code="c">MAIN</subfield>
   <subfield code="e">20220622</subfield>
   <subfield code="h">784.2184 ΔΟΙ</subfield>
   <subfield code="p">00187857</subfield>
   <subfield code="q">00187857</subfield>
   <subfield code="t">LOAN</subfield>
   <subfield code="y">0</subfield>
   <subfield code="4">2</subfield>
  </datafield>
  <datafield tag="852" ind1=" " ind2=" ">
   <subfield code="a">INST</subfield>
   <subfield code="b">UNIPILB</subfield>
   <subfield code="c">MAIN</subfield>
   <subfield code="e">20220622</subfield>
   <subfield code="h">784.2184 ΔΟΙ</subfield>
   <subfield code="p">00187858</subfield>
   <subfield code="q">00187858</subfield>
   <subfield code="t">LOAN</subfield>
   <subfield code="y">0</subfield>
   <subfield code="4">1</subfield>
  </datafield>
 </record>
</collection>
